书目信息 |
| 题名: |
中国西部城市土地定级评估--探索与实践
|
|
| 作者: | 任志远 编著 | |
| 分册: | ||
| 出版信息: | 北京 科学出版社 2000.10 |
|
| 页数: | ||
| 开本: | 16开 | |
| 丛书名: | ||
| 单 册: | ||
| 中图分类: | F299.232 | |
| 科图分类: | ||
| 主题词: | 城市经济 , 市政经济 | |
| 电子资源: | ||
| ISBN: | 7-03-008253-2 | |
| 000 | 00617nam0 2200193 450 | |
| 001 | 0736196517 | |
| 005 | 20070924100316.51 | |
| 010 | @a7-03-008253-2@d¥35.00 | |
| 100 | @a20070924d km y0chiy0120 ea | |
| 101 | 0 | @achi |
| 200 | 1 | @a中国西部城市土地定级评估--探索与实践@Azhong guo xi bu cheng shi tu di ding ji ping gu--tan suo yu shi jian@f任志远 等编著@Fren zhi yuan deng bian zhu |
| 210 | @a北京@c科学出版社@d2000.10 | |
| 215 | @d16开 | |
| 606 | 0 | @a城市经济 |
| 606 | 0 | @a市政经济 |
| 690 | @aF299.232@v3 | |
| 701 | 0 | @a任志远@Aren zhi yuan@4编著 |
| 801 | 0 | @aCN@bPFT@c20070924 |
| 905 | @a213230@dF299.232@eZY05@f1 | |
| 中国西部城市土地定级评估--探索与实践/任志远 等编著.-北京:科学出版社,2000.10 |
| 16开 |
| ISBN 7-03-008253-2:¥35.00 |
| ● |
| 相关链接 |
|
|
|
|
正题名:中国西部城市土地定级评估--探索与实践
索取号:F299.232/ZY05
 
预约/预借
| 序号 | 登录号 | 条形码 | 馆藏地/架位号 | 状态 | 备注 |
| 1 | 7901576 | 279015762 | 密集书库-资源管理系/ [索取号:F299.232/ZY05] | 在馆 |